000 00802nam a22002297a 4500
999 _c63763
_d63763
005 20240530110657.0
008 171223s2016 ua a g 000 0 ara d
017 _a2016/1690
_bمصر. دار الكتب
020 _a9789771453833
040 _aEG-CaGPL
_cEG-CaGPL
082 0 4 _221
_a306.44\
_bم ل
100 0 _aمحمد محمد داود
245 1 2 _aاللغة كيف تحيا ومتى تموت /
_cمحمد محمد داود .
250 _aط.1
260 _aالقاهرة :
_bدار نهضة مصر للنشر ،
_c2016 .
300 _a288 ص. ؛
_c24 سم.
650 0 7 _2qrmak
_aاللغات
650 0 7 _2qrmak
_aالثقافة والعولمة
651 0 7 _2qrmak
_aمصر
_xالاحوال السياسية
942 _2ddc
_cBK